000 00324nam a2200133 4500
005 20260530115312.0
100 1 _aWalter Herdeg
_932992
245 1 0 _aPackaging 2
264 1 _bMerkur AG GRAPHIS
_c1970
300 _a353 páginas
336 _atexto
_2rdacontent
337 _asin medio
_2rdamedia
338 _avolumen
_2rdacarrier
999 _c13414
_d13414